Mrazenie má neobmedzené možnosti
Na prvé počutie si spotrebiteľ pod pojmom mrazené potraviny predstaví plastový obal naplnený mrazenou kukuricou, hrachom, kulinárom môže napadnúť aj pripravená ázijská či iná zeleninová zmes. Portfólio mrazených potravín je však prakticky nekonečné, od zeleniny cez rôzne polotovary, pečivo, cestá až...
Gespeichert in:
| 1. Verfasser: | |
|---|---|
| Format: | Buchkapitel |
| Sprache: | Slowakisch |
| Schlagworte: | |
| Tags: |
Keine Tags, Fügen Sie das erste Tag hinzu!
|
MARC
| LEADER | 00000naa a2200000 4500 | ||
|---|---|---|---|
| 001 | 0313781 | ||
| 005 | 20260102100105.7 | ||
| 041 | 0 | |a slo | |
| 044 | |a CZ | ||
| 245 | 1 | 0 | |a Mrazenie má neobmedzené možnosti |c Peter Kapitán |
| 520 | |a Na prvé počutie si spotrebiteľ pod pojmom mrazené potraviny predstaví plastový obal naplnený mrazenou kukuricou, hrachom, kulinárom môže napadnúť aj pripravená ázijská či iná zeleninová zmes. Portfólio mrazených potravín je však prakticky nekonečné, od zeleniny cez rôzne polotovary, pečivo, cestá až po hotové jedlá. V skutočnosti je výber potravín, ktoré sú vhodné na mrazenie, takmer neobmedzený. Podľa producentov si to uvedomujú aj spotrebitelia a nákupu mrazených produktov sa vôbec nebránia. | ||
| 610 | 2 | 0 | |a mraziarne |
| 610 | 2 | 0 | |a potraviny mrazené |
| 610 | 2 | 0 | |a štýl životný |
| 610 | 2 | 0 | |a sortiment tovaru |
| 610 | 2 | 0 | |a kvalita výrobkov |
| 100 | 1 | |a Kapitán, Peter | |